000
00325nam a2200133Ia 4500
008
220216s9999 xx 000 0 und d
100
_a
Waastie R L
245
0
_a
Diseases of rubber and their control
260
_b
Planter
_c
1976
300
_a
180-200
650
_a
Disease control
650
_a
Rubber disease
942
_c
JS
999
_c
57258
_d
57258